| 000 | 00639nam a22001457a 4500 | ||
|---|---|---|---|
| 020 | _a978-0-143-03105-5 | ||
| 082 |
_a823 _bNEH/G |
||
| 100 | _aNEHRU JAWAHARLAL | ||
| 245 | _aGLIMPSES OF WORLD HISTORY | ||
| 260 |
_aHARYANA _bPENGUIN BOOKS _c2004 |
||
| 300 | _a1154 | ||
| 520 | _a'Glimpses of the World History' is an account of the progress of the world through centuries and ages. This book is a collection of letters that Jawaharlal Nehru wrote to his daughter Indira when he was in various Indian prisons for three years. The letters were meant to introduce her to the world and its history. | ||
| 650 | _aLETTERS OF NEHRU | ||
| 942 | _cBK | ||
| 999 |
_c6797 _d6797 |
||